| Tag |
First Indicator |
Second Indicator |
Subfields |
| LEADER |
00000cam a2200000 a 4500 |
| 001 |
in00000019246 |
| 005 |
20151007054219.0 |
| 008 |
860113s1984 dcuab b 00010 eng d |
| 020 |
|
|
|a 0875901956 (pbk.)
|
| 035 |
|
|
|a (OCoLC)13015493
|
| 035 |
|
|
|9 AAB4340AM
|
| 040 |
|
|
|a DPL
|c DPL
|d WAU
|d m/c
|d UtOrBLW
|
| 043 |
|
|
|a t-ay---
|
| 049 |
|
|
|a TXAM
|c [A12586996]
|
| 050 |
|
4 |
|a GB588.995
|b .B46 1984
|
| 100 |
1 |
|
|a Bentley, Charles R.
|
| 245 |
1 |
4 |
|a The Ross Ice Shelf Geophysical and Glaciological Survey (RIGGS) :
|b introduction and summary of measurements performed /
|c Charles R. Bentley. Glaciological studies on the Ross Ice Shelf, Antarctica, 1973-1978 / Robert H. Thomas [and others].
|
| 264 |
|
1 |
|a Washington, D.C. :
|b American Geophysical Union,
|c [1984]
|
| 264 |
|
4 |
|c ©1984
|
| 300 |
|
|
|a 53 pages :
|b illustrations, maps ;
|c 28 cm.
|
| 336 |
|
|
|a text
|b txt
|2 rdacontent
|
| 337 |
|
|
|a unmediated
|b n
|2 rdamedia
|
| 338 |
|
|
|a volume
|b nc
|2 rdacarrier
|
| 490 |
1 |
|
|a Antarctic research series ;
|v v. 42
|
| 490 |
1 |
|
|a Papers 1 and 2 in The Ross Ice Shelf: glaciology and geophysics
|
| 500 |
|
|
|a Cover title.
|
| 504 |
|
|
|a Includes bibliographies.
|
| 651 |
|
0 |
|a Ross Ice Shelf, glaciology and geophysics.
|
| 650 |
|
0 |
|a Glaciology.
|
| 650 |
|
0 |
|a Geophysics
|z Antarctica
|z Ross Ice Shelf.
|
| 610 |
2 |
0 |
|a Ross Ice Shelf Geophysical and Glaciological Survey.
|
| 710 |
2 |
|
|a American Geophysical Union.
|
| 700 |
1 |
|
|a Thomas, Robert H.
|t Glaciological studies on the Ross Ice Shelf, Antarctica, 1973-1978.
|
| 740 |
0 |
|
|a Glaciological studies on the Ross Ice Shelf, Antarctica, 1973-1978.
|
| 830 |
|
0 |
|a Antarctic research series ;
|v v. 42.
|
| 830 |
|
0 |
|a Ross Ice Shelf, glaciology and geophysics ;
|v paper 1-2.
|
| 999 |
|
|
|a MARS
|
| 999 |
f |
f |
|s 021f5000-40cf-3216-9260-6ddc6dd58f8c
|i 6cb457f1-e7fe-3633-a60a-9dc12c899436
|t 0
|
| 952 |
f |
f |
|p ric
|a Texas A&M University
|b Rellis Campus
|c Joint Library Facility
|d Remote Storage
|t 0
|e GB588.995 .B46 1984
|h Library of Congress classification
|i unmediated -- volume
|m A14812586996
|
| 998 |
f |
f |
|a GB588.995 .B46 1984
|t 0
|l Remote Storage
|